| 000 | 01382nam0a22003251 4500 | ||
|---|---|---|---|
| 001 | v19\rc\1803862 | ||
| 005 | 20260405153317.0 | ||
| 035 | _a(NLR Aleph) 005254674 | ||
| 090 |
_a5839380 _c5839380 |
||
| 100 | _a20071224d1906 |||y0rusy50 ca | ||
| 101 | 0 | _arus | |
| 102 | _aRU | ||
| 105 | _ay z |||a| | ||
| 200 | 1 |
_aСоциалиста словили _eРассказ |
|
| 210 |
_aСанкт-Петербург _cНар. воля _d1906 |
||
| 215 |
_a16 с. _d19 |
||
| 300 | _aНа обл.: № 9 | ||
| 300 | _aИзд. было арестовано по постановлению суда | ||
| 300 | _aАвт. установлен по изд.: А.И. Иванчин-Писарев. Хождение в народ. М.-Л., 1929, с. 273 | ||
| 300 | _aИзд. также под загл.: Внушителя словили | ||
| 451 | 0 |
_12001#$aВнушителя словили _tВнушителя словили |
|
| 700 | 1 |
_8rus _7ca _aИванчин-Писарев _bА. И. _f1849-1916 _gАлександр Иванович _3RU\NLR\AUTH\7764319 _947248 |
|
| 790 | 1 |
_aПисарев _bА.И. _f1849-1916 _gАлександр Иванович |
|
| 801 | 0 |
_aRU _bNLR _c20071224 _gpsbo |
|
| 801 | 0 |
_aRU _bRuMoRGB _c20071224 _2psbo |
|
| 801 | 1 |
_aRU _bProSoft-M _c20071224 _2rusmarc |
|
| 801 | 2 |
_aRU _bNLR _c20080616 _2rusmarc |
|
| 852 |
_aNLR _j34.50.8.1009 |
||
| 942 | _cBOOK | ||
| 980 | _aNB | ||